Frat Pack Trivia - Statistics

General Stats
  • This quiz has been taken 5 times
  • The average score is 4 of 20
Answer Stats
Question Answer % Correct
Which year had the most movies come out (7 total)? 2004
60%
Can you name the members who have directed films? Ben Stiller | Luke Wilson | Seth Rogen
60%
Who has appeared in the most Frat Pack movies? Ben Stiller
40%
Who are the honorary members? John C. Reilly | Leslie Mann | Robert Downey Jr.
40%
Which two members are related? Owen Wilson | Luke Wilson
40%
What actors have played superheroes at some point? Paul Rudd | Owen Wilson | Luke Wilson | Seth Rogen | Ben Stiller | Jack Black | Will Ferrell
40%
Who has directed the most Frat Pack films? Adam McKay
20%
What film has the most members in it (9 out of 10)? Anchorman: The Legend of Ron Bergundy
20%
All members have hosted SNL. Can you name any of the cast members of SNL though? Ben Stiller | Will Ferrell | David Koechner
20%
And second place? Judd Apatow
20%
Can you name any of the original members? Leonardo Di Caprio | Tobey Maguire | Edward Norton | Matt Damon | Ben Affleck
20%
Who is the youngest member? Luke Wilson
20%
Which member dated Drew Barrymore? Luke Wilson
20%
What is the only Marvel movie with multiple members in it? Ant-Man and the Wasp: Quantumania
0%
What was the first film with multiple members? Bottle Rocket
0%
What was the first television show to feature multiple members at the same time? Freaks and Geeks
0%
Who is the oldest member? Steve Carell
0%
Who was the last person to be in a movie with one of the members (2004)? Steve Carell
0%
Which member dated Jennifer Aniston? Vince Vaughn
0%
Who directed that film as well as two others? Wes Anderson
0%
No matching quizzes found
Score Distribution
Percent of People with Each Score
Percentile by Number Answered
Your Score History
You have not taken this quiz